000 00673nam a2200265Ia 4500
005 20260121172614.0
008 008 260114s9999 xx 000 0 eng d
020 _a9783030765590
037 _aEBOOK
040 _aCRL
040 _beng
040 _cCRL
041 _2eng
041 _aeng
084 _qCRL
100 _aSara Pérez Carabaza
_91090472
245 0 _aMulti-UAS Minimum Time Search in Dynamic and Uncertain Environments
260 _bSpringer
260 _bSpringer
260 _c2021
856 _uhttps://link.springer.com/openurl?genre=book&isbn=978-3-030-76559-0
942 _cEBOOK
999 _c1656212
_d1656212